000 00360nam a22001697a 4500
003 SGT
020 _a9783131901885
082 _a615.945
_bM19B
100 _aBANSAL, H.L.
245 _aMAGNETO THERAPY
250 _a3RD
260 _aUSA
_bB JAIN PUB.
_c2019
300 _a282
650 _aNATUROPATHY
653 _aMAGNETO, THERAPY
942 _2ddc
_cBK
_038
999 _c24552
_d24552